Quan điểm của Hồ Chí Minh và Đảng cộng sản Việt Nam về vấn đề nông dân trong cách mạng Việt Nam /

Enregistré dans:
Détails bibliographiques
Auteur principal: Lê Văn Yên, PGS.TS.
Format: Article
Langue:Vietnamese
Sujets:
Tags: Ajouter un tag
Pas de tags, Soyez le premier à ajouter un tag!
Thư viện lưu trữ: Thư viện Trường Đại học Đà Lạt
LEADER 00845nam a2200265 4500
001 DLU090084885
005 ##20091118
040 # # |a DLU  |b vie 
041 # # |a vie 
044 # # |a vn 
100 # # |a Lê Văn Yên,   |c PGS.TS. 
245 # # |a Quan điểm của Hồ Chí Minh và Đảng cộng sản Việt Nam về vấn đề nông dân trong cách mạng Việt Nam /  |c Lê Văn Yên. 
653 # # |a Độc lập dân tộc 
653 # # |a Công bằng xã hội 
653 # # |a Giai cấp 
773 # # |t Tạp chí lịch sử Đảng  |g Số 10(227), 2009, tr. 28-34 
920 # # |a Phòng Tạp chí -- Trung tâm Thông tin - Thư viện Trường Đại học Đà Lạt 
994 # # |a DLU 
900 # # |a True 
911 # # |a Nguyễn Thị Linh Chi 
925 # # |a G 
926 # # |a A 
927 # # |a BB 
980 # # |a Thư viện Trường Đại học Đà Lạt